000
00339nam a2200145Ia 4500
008
230718s9999 xx 000 0 und d
041
_a
Eng.
082
_a
344.5491
_b
ASA-P
100
_a
Asad , Mian Umar
245
0
_a
Police order, 2002
260
_a
Pakistan
_b
Mansoor Book House
_c
2014
300
_a
117
650
_a
Law
999
_c
31862
_d
31862